| 000 | 00908nas a2200253 i 4500 | ||
|---|---|---|---|
| 001 | C2-0316085 | ||
| 003 | PPAK | ||
| 005 | 20210303141730.0 | ||
| 006 | s|||||r|||| 00| 0 | ||
| 008 | 210303s2018 my a|||| ||||| | eng d | ||
| 040 |
_aPPAK _beng _cPPAK _erda _dPPAK |
||
| 082 | 0 | 4 |
_a303.48309595 _223 |
| 090 | 0 | 0 |
_a303.48309595 _bMAL _dR |
| 110 | 2 |
_aMalaysia. Suruhanjaya Komunikasi dan Multimedia Malaysia, _eissuing body. |
|
| 245 | 0 | 0 |
_aINDUSTRY PERFORMANCE REPORT 2018 : _bMALAYSIAN COMMUNICATIONS AND MULTIMEDIA COMMISSION |
| 264 | 1 |
_aSelangor : _bMalaysian Communications and Multimedia Commission, _c[2019] |
|
| 300 |
_a168 pages : _bcolour charts, colour photographs ; _c30 cm |
||
| 336 |
_2rdacontent _atext |
||
| 337 |
_2rdamedia _aunmediated |
||
| 338 |
_2rdacarrier _avolume |
||
| 588 | _aPPAK (2018-) | ||
| 650 | 1 | 0 |
_aCommunications and technology _zMalaysia _vPeriodicals |
| 942 |
_cSR _2ddc |
||
| 999 |
_c182434 _d182434 |
||